Регионална библиотека "Любен Каравелов" - Русе

Пътища, посоки, мостове (Запис номер 432878)

MARC детайли
000 -Лидер
Контролно поле с фиксирана дължина nam a22 a 4500
003 - Код на организацията, давaща контролен номер
Контролно поле BLK
005 - Дата и час на последна редакция
Контролно поле 20210929100023.0
008 - Елементи от данни с фиксирана дължина
fixed length control field 210929b bu |||||r|||| 00| 0 bu d
020 ## - Международен стандартен номер на книга ISBN
Международен стандартен номер на книга ISBN 9786190013808
040 ## - Източник на каталожния запис
Идентификатор на билиотеката - собственик на записа BLK
041 ## - Код за език
Код за езика на текст/звукозапис или на отделно заглавие Български
Код за езика КДБФ Български
080 ## - УДК
Текстов определител УДК Българска литература
УДК код - определител по УДК 821.163.2
УДК определител -94
УДК - код + определител 821.163.2-94
100 ## - Редна дума - Автор
R(LIN) 303526
Автор Гочева, Марина Златева
Авторска отговорност първи автор
139 ## - Редно поле
Редна дума Гочева, Марина Златева
Авторски знак Гоч - Г 72
245 ## - Сведения за заглавието
Заглавие Пътища, посоки, мостове
Редно поле (дума) Марина Златева Гочева
260 ## - Област на издателските данни
9 (RLIN) 209950
Място на издаване, разпространение и проч. В. Търново
Име на издателя, разпространителя и проч. Фабер
Година на издаване 2021
300 ## - Физическа характеристика
Страници 100 с.
Размери/Мащаб 20 см
380 ## - Жанр
Жанр Худож. лит.
999 ## - СИСТЕМНИ КОНТРОЛНИ НОМЕРА
Koha biblionumber 432878
Koha biblioitemnumber 432878
942 ## - АРТИКУЛИ
Вид на библиотечния материал Книги
Скрит в OPAC Не
Периодичен библиозапис Да
944 ## - СЪЗДАВАНЕ И РЕДАКЦИЯ на ЗАПИСА
Създаване/Редакция Създаване
Дата на регистрацията/редакция 2021-09-29
Служител, извършил регистрацията/редакцията Микаела Микова-Илиева
Статус, дата на статуса 2021-09-29
999 ## - СИСТЕМНИ КОНТРОЛНИ НОМЕРА
Koha biblioitemnumber 432878
Наличности
Код за отписване Код за изгубен артикул Източник на класификационната схема Код за повреда Коз за рестрикции Код за отдаване Артикулен № Име на библиотеката - собственик Име на библиотеката, в която се намира в момента Статус (Текущо местоположение) Дата на вписване в системата Местоположение - отдел Цена в лева Систематично азбучна сигнатура Баркод Цена в евро Служебен тип на артикула
  Не е изгубен Universal Decimal Classification Не е повреден без рестрикции заемане за дома 856380 Регионална библиотека "Любен Каравелов" Русе Регионална библиотека "Любен Каравелов" Русе Заемна - подръчен фонд 2021-09-29 Заемна - подръчен фонд 7.00 821.163.2-1/Г 72 М 120000860075 3.58 Книги
  Не е изгубен Universal Decimal Classification Не е повреден без рестрикции заемане за дома 856381 Регионална библиотека "Любен Каравелов" Русе Регионална библиотека "Любен Каравелов" Русе Заемна - подръчен фонд 2021-09-29 Заемна - подръчен фонд 7.00 821.163.2-1/Г 72 М 120000860076 3.58 Книги
  Не е изгубен Universal Decimal Classification Не е повреден без рестрикции заемане за дома 856382 Регионална библиотека "Любен Каравелов" Русе Регионална библиотека "Любен Каравелов" Русе Заемна - подръчен фонд 2021-09-29 Заемна - подръчен фонд 7.00 821.163.2-1/Г 72 М 120000860074 3.58 Книги
Vip Innovations Ltd, Rousse, Bulgaria 2025